New York Giants Starting Quarterbacks by Year - Statistics

General Stats
  • This quiz has been taken 147 times
  • The average score is 35 of 54
Answer Stats
Hint Answer % Correct
2018 Eli Manning
100%
2017 Eli Manning
100%
2016 Eli Manning
100%
2015* Eli Manning
100%
2014 Eli Manning
100%
2013 Eli Manning
100%
2012* Eli Manning
100%
2011* Eli Manning
100%
2010 Eli Manning
100%
2009 Eli Manning
100%
2008* Eli Manning
100%
2007 Eli Manning
100%
2006 Eli Manning
100%
2005 Eli Manning
100%
2023 Daniel Jones
98%
2022 Daniel Jones
98%
2021 Daniel Jones
98%
2020 Daniel Jones
98%
2019 Daniel Jones
98%
1993* Phil Simms
86%
1990 Phil Simms
86%
1989 Phil Simms
86%
1988 Phil Simms
86%
1987 Phil Simms
86%
1986 Phil Simms
86%
1985* Phil Simms
86%
1984 Phil Simms
86%
1981 Phil Simms
86%
1980 Phil Simms
86%
1979 Phil Simms
86%
2003 Kerry Collins
55%
2002 Kerry Collins
55%
2001 Kerry Collins
55%
2000 Kerry Collins
55%
1992 Jeff Hostetler
45%
1991 Jeff Hostetler
45%
2004 Kurt Warner
45%
1971 Fran Tarkenton
35%
1970* Fran Tarkenton
35%
1996 Dave Brown
23%
1995 Dave Brown
23%
1994 Dave Brown
23%
1976 Craig Morton
17%
1975 Craig Morton
17%
1974 Craig Morton
17%
1998 Danny Kanell
15%
1997 Danny Kanell
15%
1973 Norm Snead
15%
1972* Norm Snead
15%
1999 Kent Graham
14%
1978 Joe Pisarcik
12%
1977 Joe Pisarcik
12%
1983 Scott Brunner
10%
1982 Scott Brunner
10%
No matching quizzes found
Score Distribution
Percent of People with Each Score
Percentile by Number Answered
Your Score History
You have not taken this quiz